00382 2200157 4500001002100000005001500021035002000036245003900056100001400095300002600109260003400135082000800169084001400177020002100191990001200212INLIS00000000000299920250918084155 a0010-09250003461 aKu Kembalikan Cintamu /cAriny NH.0 aAriny NH. a268 hlm ;c13 x 19 cm aJakarta :bStory House,c2013 a813 a813 ARI k a978-602-9851-4-8 a0755634